| 000 | 00664cam a22001697a 4500 | ||
|---|---|---|---|
| 008 | 180718b1999 xxu||||| |||| 00| 0 eng d | ||
| 082 | _aA2:B3 P96 | ||
| 100 | _aPublic services M.B.A. induction module: India-U.K. context (August-September, 1999: Indian Institute of Public Administration, New Delhi) | ||
| 245 | _aA select bibliography (Course material) | ||
| 260 |
_aNew Delhi _bIndian Institute of Public Administration _c1999 |
||
| 300 | _av.p. | ||
| 650 | _aPoverty - Bibliography | ||
| 650 | _aGovernance - Bibliography | ||
| 650 | _aPublic management - Bibliography | ||
| 650 | _aCivil service - Bibliography | ||
| 650 | _aPublic services - Bibliography | ||
| 999 |
_c487706 _d487706 |
||